Journal of Central Asian History.

محفوظ في:

التنسيق: دورية

اللغة: Undetermined

الموضوعات:

الوصول للمادة أونلاين: Login to view Source

الوسوم: إضافة وسم

لا توجد وسوم, كن أول من يضع وسما على هذه التسجيلة!

رقم الطلب:

LEADER 00527nms a2200181Ia 4500
005 20240402053426.0
008 240131s9999||||xx |||||||||||||||||und||
999 |c 56435  |d 56435 
022 |a 2772-865X 
022 |a 2772-8668 
245 0 0 |a Journal of Central Asian History. 
336 |2 rdacontent  |a text  |b txt 
337 |2 rdamedia  |a unmediated  |b n 
338 |2 rdacarrier  |a volume  |b n 
500 |a 2023 increase # pages. 
650 4 |a Asian history. 
856 |z JCAH  |u https://brill.com/view/journals/jcah/jcah-overview.xml 
942 |2 lcc  |c EJL